000 00370 a2200145 4500
001 48636
040 _cAnchieta - Bela Vista
100 _aSouza, Flavio de.
240 1 0 _aChapeuzinho adormecida no país das maravilhas
_lpor
245 1 0 _aChapeuzinho adormecida no país das maravilhas
300 _a69
362 0 _a2009
650 4 _aLiteratura juvenil
942 _cBK
999 _c48636
_d48636